LEADER 03687nam 22006972 450 001 9910461687303321 005 20151005020622.0 010 $a1-139-06347-2 010 $a1-107-21761-X 010 $a1-280-77307-3 010 $a1-139-07580-2 010 $a9786613683847 010 $a0-511-85202-9 010 $a1-139-08036-9 010 $a1-139-07005-3 010 $a1-139-07806-2 010 $a1-139-08263-9 035 $a(CKB)2670000000159227 035 $a(EBL)691918 035 $a(OCoLC)782858087 035 $a(SSID)ssj0000623042 035 $a(PQKBManifestationID)12241939 035 $a(PQKBTitleCode)TC0000623042 035 $a(PQKBWorkID)10647940 035 $a(PQKB)11352681 035 $a(UkCbUP)CR9780511852022 035 $a(MiAaPQ)EBC691918 035 $a(Au-PeEL)EBL691918 035 $a(CaPaEBR)ebr10546444 035 $a(CaONFJC)MIL368384 035 $a(EXLCZ)992670000000159227 100 $a20101102d2011|||| uy| 0 101 0 $aeng 135 $aur||||||||||| 181 $ctxt$2rdacontent 182 $cc$2rdamedia 183 $acr$2rdacarrier 200 10$aIsrael's Palestinians $ethe conflict within /$fIlan Peleg, Dov Waxman$b[electronic resource] 210 1$aCambridge :$cCambridge University Press,$d2011. 215 $a1 online resource (x, 262 pages) $cdigital, PDF file(s) 300 $aTitle from publisher's bibliographic system (viewed on 05 Oct 2015). 311 $a0-521-15702-1 311 $a0-521-76683-4 320 $aIncludes bibliographical references and index. 327 $aMachine generated contents note: Introduction: the other Palestinian problem; Part I. The Conflict Within: 1. Palestinians in Israel: separate and unequal; 2. Palestinian politics in a Jewish state; 3. A radicalized minority?; 4. The Jewish majority and the Arab 'other'; Part II. Managing the Conflict: 5. The formation of the Jewish Republic; 6. Alternatives to ethnic hegemony; 7. Neither ethnocracy nor binationalism: seeking the middle ground; 8. Israel's challenge: moving from hegemony to equality; Conclusion: a comprehensive resolution of the Palestinian problem. 330 $aArguing that a comprehensive and lasting solution to the Israeli-Palestinian conflict depends on a resolution of the Jewish-Palestinian conflict within Israel as much as it does on resolving the conflict between Israel and Palestinians in the Occupied Territories, this timely book explores the causes and consequences of the growing conflict between Israel's Jewish majority and its Palestinian-Arab minority. It warns that if Jewish-Arab relations in Israel continue to deteriorate, this will pose a serious threat to the stability of Israel, to the quality of Israeli democracy and to the potential for peace in the Middle East. The book examines the views and attitudes of both the Palestinian minority and the Jewish majority, as well as the Israeli state's historic approach to its Arab citizens. Drawing upon the experience of other states with national minorities, the authors put forward specific proposals for safeguarding and enhancing the rights of the Palestinian minority while maintaining the country's Jewish identity. 606 $aPalestinian Arabs 606 $aJewish-Arab relations 606 $aArab-Israeli conflict$y1993- 615 0$aPalestinian Arabs. 615 0$aJewish-Arab relations. 615 0$aArab-Israeli conflict 676 $a305.8992/74 700 $aPeleg$b Ilan$f1944-$0854029 702 $aWaxman$b Dov 801 0$bUkCbUP 801 1$bUkCbUP 906 $aBOOK 912 $a9910461687303321 996 $aIsrael's Palestinians$92266121 997 $aUNINA LEADER 01624nas 2200505 a 450 001 996215588203316 005 20240413015817.0 011 $a1557-7295 035 $a(OCoLC)37345683 035 $a(CKB)954925466267 035 $a(CONSER)sn 99034065 035 $a(DE-599)ZDB2006421-4 035 $a(EXLCZ)99954925466267 100 $a19970724a19759999 sy a 101 0 $aeng 135 $aurcnu||||| 181 $ctxt$2rdacontent 182 $cc$2rdamedia 183 $acr$2rdacarrier 200 10$aACM transactions on mathematical software 210 $a[New York] $cAssociation for Computing Machinery 300 $aRefereed/Peer-reviewed 311 $a0098-3500 606 $aComputer programming$vPeriodicals 606 $aMathematics$xData processing$vPeriodicals 606 $aMathematics$xComputer programs$vPeriodicals 606 $aProgrammation (Informatique)$vPe?riodiques 606 $aMathe?matiques$xInformatique$vPe?riodiques 606 $aMathe?matiques$xLogiciels$vPe?riodiques 606 $aWiskunde$2gtt 606 $aNumerieke methoden$2gtt 615 0$aComputer programming 615 0$aMathematics$xData processing 615 0$aMathematics$xComputer programs 615 6$aProgrammation (Informatique) 615 6$aMathe?matiques$xInformatique 615 6$aMathe?matiques$xLogiciels 615 17$aWiskunde. 615 17$aNumerieke methoden. 676 $a510.28 712 02$aAssociation for Computing Machinery. 906 $aJOURNAL 912 $a996215588203316 996 $aACM transactions on mathematical software$9104601 997 $aUNISA